[Event "Sitges Sunway op 10th"]
[Site "Sitges"]
[Date "2023.12.22"]
[Round "10"]
[White "Grimault, Nathan"]
[Black "Sathvik, Adiga"]
[Result "1/2-1/2"]
[WhiteElo "2117"]
[BlackElo "1866"]
[PlyCount "144"]
[EventDate "2023.12.12"]
[EventType "swiss"]
[EventRounds "10"]
[EventCountry "ESP"]
[SourceTitle "EXT 2025"]
[Source "ChessBase"]
[SourceDate "2024.10.14"]
[SourceVersion "1"]
[SourceVersionDate "2024.10.14"]
[SourceQuality "1"]

1. Nf3 d5 2. d4 Nf6 3. c4 c6 4. Nc3 e6 5. g3 Be7 6. Bg2 0-0 7. 0-0 Nbd7 8. Qd3 c5 9. cxd5 exd5 10. Rd1 b6 11. Ne5 cxd4 12. Nc6 Ne5 13. Nxd8 Nxd3 14. Nc6 Bc5 15. Nxd5 Nxc1 16. Nxf6+ gxf6 17. Raxc1 Be6 18. b4 Bd6 19. Rxd4 Be5 20. Rd2 Rae8 21. b5 Kg7 22. f4 Bb8 23. Kf2 h5 24. Bd5 Bf5 25. Rc4 h4 26. e4 hxg3+ 27. hxg3 Bg4 28. Ra4 Bd6 29. Rxa7 Bc5+ 30. Kg2 Be6 31. Kf3 Ra8 32. Bxe6 Rxa7 33. Nxa7 fxe6 34. Rd7+ Kg6 35. a4 Rh8 36. Nc6 Rh2 37. Ne7+ Kf7 38. Nd5+ Kg6 39. Nc7 f5 40. exf5+ exf5 41. g4 Rh3+ 42. Kg2 fxg4 43. Rd5 Ra3 44. Rg5+ Kf7 45. Rxg4 Rxa4 46. Kf3 Bd6 47. Nd5 Ra3+ 48. Ke4 Ra4+ 49. Kd3 Bc5 50. Rg5 Ke6 51. Re5+ Kd6 52. Re4 Ra1 53. Nc3 Rf1 54. Kc4 Rf2 55. Ne2 Rf1 56. Re8 Rf3 57. Rh8 Rf2 58. Rh6+ Kd7 59. Rh7+ Ke6 60. Kd3 Rf3+ 61. Kc4 Rf2 62. Rh6+ Kd7 63. Kd3 Rf3+ 64. Kc2 Rf2 65. Kd2 Rf3 66. Rf6 Rb3 67. Nc3 Bd4 68. Rc6 Bxc3+ 69. Rxc3 Rxb5 70. Ke3 Rc5 71. Rb3 Ke6 72. Kd4 Kf5 1/2-1/2

[Event "Sitges Sunway op 10th"]
[Site "Sitges"]
[Date "2023.12.18"]
[Round "6"]
[White "Grimault, Nathan"]
[Black "Toncheva, Nadya"]
[Result "1-0"]
[WhiteElo "2117"]
[BlackElo "2285"]
[PlyCount "119"]
[EventDate "2023.12.12"]
[EventType "swiss"]
[EventRounds "10"]
[EventCountry "ESP"]
[SourceTitle "EXT 2025"]
[Source "ChessBase"]
[SourceDate "2024.10.14"]
[SourceVersion "1"]
[SourceVersionDate "2024.10.14"]
[SourceQuality "1"]

1. d4 d5 2. c4 dxc4 3. e4 e5 4. Nf3 Bb4+ 5. Nc3 exd4 6. Nxd4 Nd7 7. Bxc4 Ngf6 8. 0-0 0-0 9. f3 Ne5 10. Be2 Bc5 11. Be3 Nc6 12. Nc2 Qe7 13. Qe1 Bxe3+ 14. Nxe3 Nd4 15. Qf2 Be6 16. Rfd1 Rfd8 17. Rxd4 Rxd4 18. Ng4 Bxg4 19. Qxd4 Be6 20. Rd1 h6 21. b3 a6 22. Bc4 c5 23. Qd6 Kf8 24. Bxe6 fxe6 25. Qe5 Rc8 26. Rd6 Kf7 27. Qf4 g5 28. Qd2 Nd5 29. e5 Rd8 30. Ne4 Rxd6 31. exd6 Qd8 32. h4 Nf6 33. hxg5 Nxe4 34. fxe4 hxg5 35. Qf2+ Ke8 36. Qxc5 Kd7 37. e5 Qb8 38. Qf2 Qe8 39. Qc2 Qd8 40. Qh7+ Kc6 41. Qe4+ Kb6 42. b4 Ka7 43. Qd4+ Kb8 44. a4 Qd7 45. a5 Ka8 46. Qg4 Qc6 47. Qd1 Qd7 48. Qc1 Qa4 49. Qc8+ Ka7 50. Qc5+ Ka8 51. Qd4 Qd7 52. b5 axb5 53. Qb6 b4 54. Qxb4 Qh7 55. Qd4 Qd7 56. Qc4 Kb8 57. a6 b6 58. Qc2 g4 59. g3 b5 60. Qc5 1-0

[Event "Sitges Sunway op 10th"]
[Site "Sitges"]
[Date "2023.12.16"]
[Round "5"]
[White "Bryant, Harry"]
[Black "Grimault, Nathan"]
[Result "0-1"]
[WhiteElo "1785"]
[BlackElo "2117"]
[PlyCount "121"]
[EventDate "2023.12.12"]
[EventType "swiss"]
[EventRounds "10"]
[EventCountry "ESP"]
[SourceTitle "EXT 2025"]
[Source "ChessBase"]
[SourceDate "2024.10.14"]
[SourceVersion "1"]
[SourceVersionDate "2024.10.14"]
[SourceQuality "1"]

1. e4 c5 2. Nf3 e6 3. g3 Nc6 4. Bg2 Nf6 5. Qe2 Qc7 6. 0-0 a6 7. c3 Be7 8. d4 d5 9. exd5 Nxd5 10. Rd1 0-0 11. c4 Nf6 12. Bf4 Qb6 13. d5 Nd4 14. Nxd4 cxd4 15. Be5 exd5 16. Bxd4 Bc5 17. Qe3 Bxd4 18. Qxd4 Qxd4 19. Rxd4 dxc4 20. Na3 Ra7 21. Nxc4 b5 22. Nb6 Be6 23. a4 Rc7 24. a5 g6 25. Rad1 Bb3 26. R1d3 Rc1+ 27. Bf1 Be6 28. Rd1 Rc5 29. b4 Rc2 30. R4d2 Rc3 31. Rd3 Rc7 32. Rd6 Ne4 33. R6d4 Nc3 34. R1d2 Re8 35. Rd8 Kf8 36. Nd7+ Bxd7 37. R2xd7 Rxd7 38. Rxd7 Re1 39. Rd6 Re6 40. Rd7 Na2 41. Rd4 Ke7 42. Bh3 Re1+ 43. Kg2 f5 44. g4 Re4 45. Rd2 fxg4 46. Rxa2 gxh3+ 47. Kf3 Rxb4 48. Rc2 Ra4 49. Rc7+ Kf8 50. Rc8+ Kg7 51. Rc7+ Kh6 52. Kg3 Ra3+ 53. Kg4 Rxa5 54. f4 b4 55. Rc6 b3 56. f5 b2 57. fxg6 Rg5+ 58. Kh4 Rxg6 59. Rc5 b1Q 60. Rg5 Rxg5 61. Kxh3 0-1

[Event "Sitges Sunway op 10th"]
[Site "Sitges"]
[Date "2023.12.14"]
[Round "3"]
[White "Salimova, Asal"]
[Black "Grimault, Nathan"]
[Result "1-0"]
[WhiteElo "1662"]
[BlackElo "2117"]
[PlyCount "74"]
[EventDate "2023.12.12"]
[EventType "swiss"]
[EventRounds "10"]
[EventCountry "ESP"]
[SourceTitle "EXT 2025"]
[Source "ChessBase"]
[SourceDate "2024.10.14"]
[SourceVersion "1"]
[SourceVersionDate "2024.10.14"]
[SourceQuality "1"]

1. d4 Nf6 2. Bf4 d5 3. e3 c5 4. c3 Nc6 5. Nd2 Bf5 6. Qb3 Qd7 7. Ngf3 c4 8. Qd1 b5 9. Be2 e6 10. Nh4 Bd3 11. Bxd3 cxd3 12. Qb1 Ne4 13. Nhf3 g5 14. Nxg5 Nxd2 15. Kxd2 b4 16. Qxd3 Rc8 17. Nxh7 bxc3+ 18. bxc3 Bg7 19. Bg5 Qc7 20. h4 f5 21. Nf6+ Kf7 22. Nxd5 exd5 23. Qxf5+ Ke8 24. Qe6+ Kf8 25. Bf4 Ne5 26. Bxe5 Qxc3+ 27. Ke2 Qc2+ 28. Kf1 Bxe5 29. Qxe5 Rh7 30. Rh3 Rf7 31. Rf3 Rxf3 32. gxf3 Rc7 33. Qh8+ Kf7 34. Qd8 Ke6 35. Qg5 Rh7 36. Qe5+ Kf7 37. Qxd5+ Kf8 1-0

[Event "FRA-ch op-A"]
[Site "Nimes"]
[Date "2018.08.18"]
[Round "3"]
[White "Grimault, Nathan"]
[Black "Lux, Hugo de Melo"]
[Result "1/2-1/2"]
[WhiteElo "2066"]
[BlackElo "2147"]
[PlyCount "53"]
[EventDate "2018.08.18"]
[EventType "swiss"]
[EventRounds "9"]
[EventCountry "FRA"]
[SourceTitle "CBM 186 Extra"]
[Source "ChessBase"]
[SourceDate "2018.08.24"]
[SourceVersion "1"]
[SourceVersionDate "2018.08.24"]
[SourceQuality "1"]

1. d4 Nf6 2. Nf3 e6 3. g3 c5 4. Bg2 d5 5. 0-0 cxd4 6. Nxd4 Be7 7. c4 0-0 8. cxd5 Nxd5 9. e4 Nb4 10. Nc3 N8c6 11. Nxc6 Nxc6 12. Qe2 Nd4 13. Qd3 e5 14. Nd5 Bg4 15. Be3 Be2 16. Qd2 Nf3+ 17. Bxf3 Bxf3 18. Qd3 f5 19. Bc5 Bxc5 20. Qxf3 f4 21. Rad1 fxg3 22. Qxg3 Bd4 23. Rc1 Rf7 24. Rc2 Rc8 25. Rfc1 Rxc2 26. Rxc2 g6 27. b4 1/2-1/2

[Event "FRA-ch U20"]
[Site "Agen"]
[Date "2018.04.17"]
[Round "4"]
[White "Meunier, Clement1"]
[Black "Grimault, Nathan"]
[Result "0-1"]
[WhiteElo "2370"]
[BlackElo "2016"]
[PlyCount "164"]
[EventDate "2018.04.15"]
[EventType "swiss"]
[EventRounds "9"]
[EventCountry "FRA"]
[SourceTitle "CBM 184 Extra"]
[Source "ChessBase"]
[SourceDate "2018.06.28"]
[SourceVersion "1"]
[SourceVersionDate "2018.06.28"]
[SourceQuality "1"]

1. e4 g6 2. d4 Bg7 3. Nc3 d6 4. Bg5 c5 5. dxc5 Qa5 6. Qd2 Qxc5 7. Nd5 Be6 8. 0-0-0 Bxd5 9. exd5 Nf6 10. Be3 Qc7 11. Bb5+ Nbd7 12. f3 a6 13. Bxd7+ Qxd7 14. g4 Rc8 15. Ne2 0-0 16. h4 Qa4 17. Nc3 Rxc3 18. Qxc3 Nxd5 19. Qb3 Qxb3 20. axb3 Nxe3 21. Rde1 Bd4 22. c3 Bb6 23. Kd2 Nd5 24. h5 g5 25. Re2 e6 26. Re4 Kg7 27. Ra1 Kf6 28. Raa4 Rc8 29. Rac4 Rd8 30. Re1 Bf2 31. Re2 Ba7 32. Re1 Ke7 33. Ra1 Kd7 34. b4 Nc7 35. Re4 d5 36. Re2 Kc6 37. Rf1 Nb5 38. f4 gxf4 39. Rxf4 Nd6 40. Kc2 Rg8 41. b3 b5 42. Kd3 Rg5 43. Ra2 Kb7 44. Ke2 f5 45. gxf5 Rg2+ 46. Kd3 Rxa2 47. fxe6 Rf2 48. Rg4 Rf3+ 49. Kc2 Nf5 50. Rg8 Re3 51. Rf8 Nd6 52. Rh8 Rxe6 53. Rxh7+ Ka8 54. Kd3 Nf5 55. Rf7 Nd6 56. Rh7 Re3+ 57. Kc2 Rh3 58. h6 Bb8 59. Kb2 Nf5 60. Rd7 Rxh6 61. Rxd5 Ne7 62. Rd7 Nc6 63. Rd3 Kb7 64. Re3 Rh2+ 65. Kb1 Bc7 66. Rd3 a5 67. Rd5 Kb6 68. bxa5+ Nxa5 69. c4 bxc4 70. bxc4 Nxc4 71. Rf5 Be5 72. Kc1 Kc5 73. Rf8 Kd4 74. Kb1 Kd3 75. Rf3+ Ne3 76. Rf8 Bd4 77. Rg8 Nd5 78. Rg3+ Be3 79. Ka1 Re2 80. Rh3 Nb4 81. Rg3 Kc4 82. Kb1 Kb3 0-1

[Event "Gorges op 27th"]
[Site "Gorges"]
[Date "2017.07.08"]
[Round "2"]
[White "Grimault, Nathan"]
[Black "Bourdeaux, Gabin"]
[Result "0-1"]
[WhiteElo "2055"]
[BlackElo "1868"]
[PlyCount "42"]
[EventDate "2017.07.08"]
[EventType "swiss"]
[EventRounds "5"]
[EventCountry "FRA"]
[SourceTitle "EXT 2019"]
[Source "ChessBase"]
[SourceDate "2018.10.10"]
[SourceVersion "1"]
[SourceVersionDate "2018.10.10"]
[SourceQuality "1"]

1. d4 Nf6 2. c4 g6 3. Nc3 Bg7 4. e4 d6 5. Nf3 0-0 6. Be2 e5 7. dxe5 dxe5 8. 0-0 Nbd7 9. Qc2 c6 10. Rd1 Qe7 11. b3 Rd8 12. a4 Nf8 13. Ba3 Qc7 14. Rxd8 Qxd8 15. Rd1 Qb6 16. Bd6 Be6 17. Bxe5 Ng4 18. Bd4 Bxd4 19. Nxd4 Rd8 20. Nxe6 Qxf2+ 21. Kh1 Ne3 0-1

[Event "Saint Affrique op 22nd"]
[Site "Saint Affrique"]
[Date "2014.07.26"]
[Round "9.24"]
[White "Grimault, Nathan"]
[Black "Jackson, Daniel"]
[Result "1-0"]
[WhiteElo "1820"]
[BlackElo "1657"]
[PlyCount "45"]
[EventDate "2014.07.19"]
[EventType "swiss"]
[EventRounds "9"]
[EventCountry "FRA"]
[SourceTitle "CBM 161 Extra"]
[Source "ChessBase"]
[SourceDate "2014.08.29"]
[SourceVersion "1"]
[SourceVersionDate "2014.08.29"]
[SourceQuality "1"]

1. d4 Nf6 2. Nf3 e6 3. g3 c5 4. Bg2 d5 5. 0-0 Bd7 6. c4 Bc6 7. Ne5 Nbd7 8. Bg5 Be7 9. Nxd7 Qxd7 10. dxc5 h6 11. Bxf6 Bxf6 12. cxd5 Bxd5 13. Bxd5 Qxd5 14. Qa4+ Qc6 15. Qxc6+ bxc6 16. Nd2 Rb8 17. Rab1 Rxb2 18. Rxb2 Bxb2 19. Rb1 Be5 20. Nc4 Bc7 21. Rb7 Kd7 22. Rxa7 f6 23. Nb6+ 1-0

[Event "Saint Affrique op 22nd"]
[Site "Saint Affrique"]
[Date "2014.07.23"]
[Round "6"]
[White "Prieu, Arnaud"]
[Black "Grimault, Nathan"]
[Result "1-0"]
[WhiteElo "1572"]
[BlackElo "1820"]
[PlyCount "77"]
[EventDate "2014.07.19"]
[EventType "swiss"]
[EventRounds "9"]
[EventCountry "FRA"]
[SourceTitle "CBM 161 Extra"]
[Source "ChessBase"]
[SourceDate "2014.08.29"]
[SourceVersion "1"]
[SourceVersionDate "2014.08.29"]
[SourceQuality "1"]

1. e4 g6 2. d4 Bg7 3. Bf4 d6 4. Nf3 a6 5. Be2 b5 6. c3 Bb7 7. Nbd2 Nd7 8. 0-0 c5 9. e5 cxd4 10. cxd4 dxe5 11. dxe5 e6 12. a4 Ne7 13. axb5 Nd5 14. Bg3 a5 15. Nc4 Bf8 16. Bh4 Qb8 17. Rxa5 Bb4 18. Rxa8 Qxa8 19. Qd4 Bc5 20. Qd3 Nf4 21. Qd2 g5 22. Nxg5 Nxe2+ 23. Qxe2 Bxg2 24. Qh5 Bxf1 25. Kxf1 Qh1+ 26. Ke2 Rf8 27. Nxe6 Qe4+ 28. Ne3 Nxe5 29. Nxc5 Qd4 30. Bg3 Qxb2+ 31. Ke1 Qb1+ 32. Kd2 Qb4+ 33. Kd1 Qb1+ 34. Kd2 Qb2+ 35. Ke1 Qc1+ 36. Nd1 Nc4 37. Qe2+ Kd8 38. Qd3+ Ke7 39. Bh4+ 1-0

[Event "Saint Affrique op 22nd"]
[Site "Saint Affrique"]
[Date "2014.07.19"]
[Round "1"]
[White "Grimault, Nathan"]
[Black "Fabre, Jean Michel"]
[Result "1-0"]
[WhiteElo "1820"]
[BlackElo "1337"]
[PlyCount "35"]
[EventDate "2014.07.19"]
[EventType "swiss"]
[EventRounds "9"]
[EventCountry "FRA"]
[SourceTitle "CBM 161 Extra"]
[Source "ChessBase"]
[SourceDate "2014.08.29"]
[SourceVersion "1"]
[SourceVersionDate "2014.08.29"]
[SourceQuality "1"]

1. d4 d5 2. c4 e6 3. Nc3 c5 4. cxd5 exd5 5. dxc5 Nf6 6. Bg5 Be6 7. e3 Be7 8. Nf3 0-0 9. Be2 Nc6 10. 0-0 Nd7 11. Bxe7 Qxe7 12. Nxd5 Qxc5 13. Nc7 Rad8 14. Nxe6 fxe6 15. Qb3 Rde8 16. Qxb7 Rf7 17. Rac1 Qb6 18. Qxb6 1-0